[Event "Elit(Wasa-Kungstornet)"]
[Site "?"]
[Date "2022.04.09"]
[Round "2"]
[White "Glimbrant, Torbjorn"]
[Black "Bellon Lopez, Juan Manuel"]
[Result "1/2-1/2"]
[WhiteElo "2239"]
[BlackElo "2322"]
[PlyCount "157"]
[EventDate "2022.??.??"]

1. d4 Nf6 2. Nf3 c5 3. e3 e6 4. c4 d5 5. Nc3 Nc6 6. a3 a6 7. dxc5 Bxc5 8. b4
Ba7 9. Bb2 O-O 10. Qc2 Qe7 11. Rd1 Rd8 12. Be2 d4 13. exd4 Nxd4 14. Nxd4 Bxd4
15. O-O e5 16. Na4 Bd7 17. Bxd4 Bxa4 18. Qxa4 Rxd4 19. h3 Rad8 20. Rxd4 exd4
21. Bd3 Nh5 22. Qd1 Nf4 23. Re1 Qg5 24. Qf3 g6 25. h4 Qh6 26. g3 Nxd3 27. Qxd3
b6 28. Kg2 Qf8 29. h5 Qd6 30. h6 a5 31. Qe4 axb4 32. Qe8+ Qf8 33. Qxf8+ Kxf8
34. axb4 Rc8 35. Rc1 d3 36. c5 Ke7 37. Kf3 d2 38. Rd1 bxc5 39. bxc5 Rxc5 40.
Rxd2 Rh5 41. Ra2 Rxh6 42. Ra7+ Kf6 43. Kg2 Rh5 44. Rb7 Re5 45. Rb6+ Re6 46. Rb8
h5 47. Rb5 Re5 48. Rb6+ Kf5 49. Rb7 f6 50. Rb4 Ra5 51. Rc4 g5 52. Rb4 Rd5 53.
Ra4 g4 54. Rb4 Ke5 55. Ra4 f5 56. Ra8 Ke4 57. Ra4+ Rd4 58. Ra8 f4 59. Re8+ Kf5
60. Rf8+ Kg5 61. Rg8+ Kf6 62. gxf4 Rxf4 63. Rf8+ Kg5 64. Rg8+ Kh6 65. Rh8+ Kg6
66. Rg8+ Kh7 67. Rg5 Kh6 68. Rg8 h4 69. Rh8+ Kg5 70. Rg8+ Kf5 71. Rf8+ Ke4 72.
Re8+ Kd3 73. Rh8 h3+ 74. Kg3 Re4 75. f3 gxf3 76. Kxf3 Re3+ 77. Kg4 Ke2 78. Rxh3
Rxh3 79. Kxh3 1/2-1/2

[Event "Elit(Limhamn-LASK)"]
[Site "?"]
[Date "2022.04.09"]
[Round "6"]
[White "Penalver, Osmani"]
[Black "Storme, Isak"]
[Result "1-0"]
[WhiteElo "2267"]
[BlackElo "2350"]
[PlyCount "77"]

1. d4 Nf6 2. c4 e6 3. Nc3 Bb4 4. f3 c5 5. d5 O-O 6. e4 b5 7. a3 Bxc3+ 8. bxc3
Qa5 9. Bd2 bxc4 10. Bxc4 Ba6 11. Bxa6 Qxa6 12. dxe6 fxe6 13. Qe2 d5 14. e5 Nfd7
15. f4 Nb6 16. Nf3 Nc4 17. O-O Nd7 18. Qd3 h6 19. g4 Rab8 20. g5 h5 21. Bc1 Qa4
22. Qg6 Rb6 23. Qxh5 Rf5 24. Nh4 Qc2 25. Nxf5 Qxf5 26. Qe8+ Nf8 27. Ra2 Rb1 28.
Rg2 Qg6 29. Qe7 Qd3 30. g6 Nxg6 31. Qxe6+ Kh7 32. Rg3 Qxf1+ 33. Kxf1 Rxc1+ 34.
Kf2 Rc2+ 35. Kf3 Nh4+ 36. Kg4 Rxh2 37. Qxd5 Nb6 38. Qxc5 Nd7 39. Qg1 1-0

[Event "Elit(Wasa-Kungstornet)"]
[Site "?"]
[Date "2022.04.09"]
[Round "2"]
[White "Cramling, Dan"]
[Black "Kassani, Sam Shamssaei"]
[Result "1-0"]
[WhiteElo "2290"]
[BlackElo "2185"]
[PlyCount "51"]

1. d4 Nf6 2. c4 Nc6 3. Nc3 e5 4. d5 Ne7 5. h4 h5 6. Bg5 Ng6 7. e3 Bb4 8. Nge2
a5 9. a3 Be7 10. Ng3 d6 11. Be2 Kf8 12. Bd3 Ng4 13. Bxg6 fxg6 14. Nce4 Bf6 15.
Qd3 Kf7 16. O-O Bf5 17. Bxf6 Bxe4 18. Nxe4 gxf6 19. f4 Kg7 20. f5 Rh6 21. fxg6
Rxg6 22. Ng3 Kh7 23. Rf5 Nh6 24. Rxh5 Qg8 25. Qe4 Rf8 26. Nf5 1-0

[Event "Elit(Wasa-Kungstornet)"]
[Site "?"]
[Date "2022.04.09"]
[Round "2"]
[White "Larsson, Anders"]
[Black "Grandell, Anders"]
[Result "1/2-1/2"]
[WhiteElo "203"]
[BlackElo "2283"]
[PlyCount "73"]
[SourceDate "2022.04.24"]

1. e4 c5 2. Nf3 g6 3. d4 cxd4 4. Nxd4 Nc6 5. Nc3 Bg7 6. Nb3 Nf6 7. Be2 d6 8.
O-O Be6 9. Bg5 a5 10. a4 Bxb3 11. cxb3 O-O 12. Kh1 Nd7 13. Be3 Nc5 14. Bxc5
dxc5 15. Qxd8 Raxd8 16. Rad1 Nb4 17. Rxd8 Rxd8 18. Rd1 Rxd1+ 19. Nxd1 Bd4 20.
Bc4 Kg7 21. g3 g5 22. Kg2 b6 23. h3 Kf6 24. f4 gxf4 25. gxf4 e5 26. Kf3 exf4
27. Kxf4 Nc6 28. Nc3 Be5+ 29. Kg4 Bxc3 30. bxc3 Ne5+ 31. Kf4 Ng6+ 32. Kg4 Ne5+
33. Kf4 h6 34. Bd5 Nd3+ 35. Ke3 Ne5 36. Kf4 Nd3+ 37. Ke3 1/2-1/2

[Event "Elit(Wasa-Kungstornet)"]
[Site "?"]
[Date "2022.04.09"]
[Round "2"]
[White "Ostlund, Joar"]
[Black "Henriksson, Johan"]
[Result "0-1"]
[WhiteElo "2236"]
[BlackElo "2220"]
[PlyCount "108"]

1. d4 d5 2. Nf3 Nf6 3. c4 c6 4. Nc3 a6 5. c5 g6 6. Bf4 Nh5 7. Bd2 Bg7 8. e3 O-O
9. Bd3 Nf6 10. Qc2 Re8 11. O-O Nbd7 12. Rad1 e5 13. dxe5 Nxe5 14. Nxe5 Rxe5 15.
Ne2 Qe8 16. Bc3 Re7 17. b4 Bg4 18. Qb2 Nh5 19. Rd2 Bxe2 20. Bxe2 Bxc3 21. Qxc3
Ng7 22. Bf3 Ne6 23. h4 Qf8 24. Qf6 Rae8 25. Rc1 Qg7 26. Qxg7+ Kxg7 27. g4 Nc7
28. Kg2 Re5 29. Kg3 f5 30. g5 h6 31. gxh6+ Kxh6 32. Rg1 Kg7 33. Kh3 Kf6 34. a3
Rh8 35. Rg3 Ne6 36. Bd1 g5 37. h5 g4+ 38. Kg2 Rxh5 39. Rd3 Ng5 40. f3 gxf3+ 41.
Bxf3 Rh7 42. Kf2 Rh2+ 43. Rg2 Rh4 44. Rg3 Re7 45. Bg2 Rc4 46. Ke2 f4 47. Rg4
Kf5 48. Bf3 fxe3 49. Rxc4 dxc4 50. Rd1 Nxf3 51. Rf1 Ke4 52. Rxf3 Kd4 53. Rf1
Kc3 54. Rb1 Kc2 0-1

[Event "Elit(Vasteras-SK Rockaden, Sthlm)"]
[Site "?"]
[Date "2022.04.09"]
[Round "2"]
[White "Hammer, Jon Ludvig"]
[Black "Pantzar, Milton"]
[Result "1-0"]
[WhiteElo "2613"]
[BlackElo "2434"]
[PlyCount "73"]
[EventDate "2022.??.??"]

1. e4 c6 2. Nf3 d5 3. Nc3 dxe4 4. Nxe4 Nf6 5. Qe2 Bg4 6. Nxf6+ gxf6 7. h3 Bh5
8. d3 Nd7 9. g4 Bg6 10. Nh4 e6 11. Bd2 Be7 12. f4 f5 13. Nf3 Nb6 14. O-O-O Bf6
15. c4 Qc7 16. g5 Bg7 17. Ne5 O-O-O 18. h4 h6 19. Nxg6 fxg6 20. gxh6 Rxh6 21.
Qxe6+ Kb8 22. Kc2 Na4 23. b4 Rd6 24. Qg8+ Rd8 25. Qe6 Rd6 26. Qe8+ Rd8 27. Qe1
Rhh8 28. Rh3 Qd6 29. Rb1 Nb6 30. c5 Qd5 31. Rb3 Nc8 32. Re3 Bf6 33. Re6 Rhf8
34. Qe2 Qd7 35. Rxf6 Rxf6 36. Qe5+ Nd6 37. Qxf6 1-0

[Event "Elit(StockholmsSS-Team Pelaro Alingsas)"]
[Site "?"]
[Date "2022.04.09"]
[Round "2"]
[White "Agrest, Inna"]
[Black "Westerberg, Jonathan"]
[Result "1-0"]
[WhiteElo "2238"]
[BlackElo "2494"]
[PlyCount "63"]
[SourceDate "2022.04.27"]

1. e4 c5 2. Nf3 e6 3. d4 cxd4 4. Nxd4 Nc6 5. Nc3 Nf6 6. Nxc6 bxc6 7. e5 Nd5 8.
Ne4 f5 9. exf6 Nxf6 10. Nd6+ Bxd6 11. Qxd6 Ba6 12. Bxa6 Qa5+ 13. b4 Qxa6 14.
Bb2 Nd5 15. a3 Qc4 16. O-O-O Qg4 17. h4 Qxg2 18. Rhg1 Qxf2 19. Rxg7 O-O-O 20.
Be5 Qb6 21. h5 Qb7 22. b5 cxb5 23. Rg3 Qb6 24. Rxd5 Qxd6 25. Rxd6 Rhf8 26. h6
Rf5 27. Rc3+ Kb7 28. Rc5 a6 29. Bd4 Rxc5 30. Bxc5 Rg8 31. Rxd7+ Kc6 32. Rg7 1-0

[Event "Elit(Vasteras-SK Rockaden, Sthlm)"]
[Site "?"]
[Date "2022.04.09"]
[Round "2"]
[White "Akesson, Ralf"]
[Black "Seo, Jung Min"]
[Result "1/2-1/2"]
[WhiteElo "2396"]
[BlackElo "2466"]
[PlyCount "63"]
[EventDate "2022.??.??"]

1. Nf3 d5 2. d4 Nf6 3. c4 e6 4. Nc3 dxc4 5. e4 b5 6. e5 Nd5 7. Nxb5 Nb6 8. Be2
Be7 9. O-O Nc6 10. Be3 O-O 11. Qc1 Nb4 12. Rd1 Ba6 13. Nc3 Rb8 14. b3 cxb3 15.
Bxa6 b2 16. Qxb2 Nxa6 17. a3 Nd5 18. Qc2 h6 19. Nxd5 Qxd5 20. Rdc1 Rfc8 21. Qa4
Rb6 22. Rc4 Nb8 23. Qc2 c6 24. h3 Nd7 25. Nd2 Rcb8 26. Qe4 R8b7 27. Rac1 Rc7
28. R4c3 Rbb7 29. Nc4 Nb6 30. Nxb6 Rxb6 31. Rc4 Bf8 32. Kh1 1/2-1/2

[Event "Elit(StockholmsSS-Team Pelaro Alingsas)"]
[Site "?"]
[Date "2022.04.09"]
[Round "2"]
[White "Hauge, Lars Oskar"]
[Black "Karle, Max"]
[Result "1-0"]
[WhiteElo "2513"]
[BlackElo "2062"]
[PlyCount "121"]

1. e4 d5 2. exd5 Qxd5 3. Nc3 Qd6 4. d4 Nf6 5. Nf3 a6 6. g3 Bg4 7. h3 Bxf3 8.
Qxf3 Nc6 9. Be3 e6 10. Bg2 Be7 11. O-O-O O-O 12. Bf4 Qb4 13. a3 Qa5 14. d5 Nd8
15. Rhe1 Rc8 16. Kb1 b5 17. Bd2 b4 18. Na2 Nxd5 19. Qb3 c6 20. Nxb4 Nxb4 21.
Bxb4 Qc7 22. Bxe7 Qxe7 23. Qb4 Qc7 24. Rd2 c5 25. Qc3 Qb6 26. Red1 Nc6 27. Rd6
Qb5 28. Bf1 Qb7 29. Qxc5 Ne7 30. Qb4 Qf3 31. R6d3 Qf6 32. Qd4 e5 33. Qd6 Rc6
34. Qxf6 Rxf6 35. R1d2 Nf5 36. Bg2 Re8 37. c3 Kf8 38. Be4 g6 39. b4 Rc8 40. Kb2
Rc4 41. Bd5 Rc7 42. Bg2 Re6 43. Be4 Ke7 44. Kb3 f6 45. a4 Rb6 46. a5 Rb8 47. f4
Rbc8 48. fxe5 fxe5 49. g4 Ng7 50. Bd5 Ne6 51. Re3 Kf6 52. Bg2 Rd8 53. Rxd8 Nxd8
54. Rd3 Ke7 55. Rd5 Nf7 56. c4 Kf6 57. b5 Kg5 58. b6 Re7 59. c5 Kf4 60. c6 e4
61. b7 1-0

[Event "Elit(Vasteras-SK Rockaden, Sthlm)"]
[Site "?"]
[Date "2022.04.09"]
[Round "2"]
[White "Blomqvist, Erik"]
[Black "Carlsson, Ludvig"]
[Result "1/2-1/2"]
[WhiteElo "2536"]
[BlackElo "2355"]
[PlyCount "154"]
[EventDate "2022.??.??"]

1. Nf3 d5 2. g3 Nf6 3. Bg2 c5 4. O-O h6 5. c4 d4 6. b4 cxb4 7. a3 bxa3 8. Bxa3
Nc6 9. e3 e5 10. Qa4 Bxa3 11. Nxe5 Bb2 12. Ra2 dxe3 13. Nxc6 bxc6 14. Qxc6+ Bd7
15. Qxa8 exf2+ 16. Kxf2 Bd4+ 17. Ke2 Bg4+ 18. Kd3 O-O 19. Qxd8 Rxd8 20. Nc3 Be6
21. Nd5 Nxd5 22. cxd5 Bxd5 23. Bxd5 Rxd5 24. Ke4 Rd6 25. Ra5 Bb6 26. Rd5 Re6+
27. Re5 Rd6 28. Re8+ Kh7 29. Rxf7 Rd4+ 30. Kf5 Rxd2 31. Ree7 Rf2+ 32. Ke4 Re2+
33. Kd3 Rxe7 34. Rxe7 Bc5 35. Re6 Bg1 36. Re2 Kg6 37. Ke4 Kg5 38. h3 Bb6 39.
Rc2 Kg6 40. Rc6+ Kh7 41. Kf5 Bf2 42. Rc3 Be1 43. Re3 Bf2 44. Rd3 Be1 45. h4 a5
46. h5 Bb4 47. Ke6 Bc5 48. Kf7 a4 49. Rd5 Bf2 50. g4 a3 51. Ra5 Bd4 52. Rxa3
Bb2 53. Ra6 Bc3 54. Rb6 Bd4 55. Rb3 Ba1 56. Kf8 Bd4 57. Rb7 Be5 58. Ra7 Bd4 59.
Ra6 Bc5+ 60. Kf7 Bd4 61. Rg6 Bc3 62. Ke6 Bb2 63. Kf5 Bc1 64. Rb6 Bd2 65. Rb3
Bg5 66. Ke6 Bf6 67. Rd3 Bg5 68. Kf7 Bf6 69. Rd6 Be5 70. Rg6 Bd4 71. g5 hxg5 72.
Rxg5 Bf6 73. Rg6 Bd4 74. Rd6 Bf6 75. Rxf6 gxf6 76. Kxf6 Kh6 77. Kf5 Kxh5
1/2-1/2

[Event "Elit(StockholmsSS-Team Pelaro Alingsas)"]
[Site "?"]
[Date "2022.04.09"]
[Round "2"]
[White "Dahlgren, Jonas"]
[Black "Cederstam, Carl"]
[Result "1-0"]
[WhiteElo "2004"]
[BlackElo "2368"]
[PlyCount "85"]

1. e4 e5 2. Nf3 Nc6 3. Nc3 Nf6 4. Bb5 Bd6 5. d3 h6 6. O-O O-O 7. Ne2 Re8 8. c3
Bf8 9. Ng3 a6 10. Ba4 b5 11. Bc2 d5 12. exd5 Nxd5 13. d4 exd4 14. Nxd4 Nxd4 15.
Qxd4 c5 16. Qd3 Nf6 17. Nh5 Bd6 18. Qf3 Ng4 19. h3 Bh2+ 20. Kh1 Qh4 21. Qxa8
Qxh5 22. Qf3 Qh4 23. Bf4 Bxf4 24. Qxf4 Re2 25. Qb8 Qd8 26. Bf5 Nxf2+ 27. Kg1
Nxh3+ 28. Bxh3 f5 29. Rf2 Rxf2 30. Kxf2 g6 31. Re1 Kf7 32. g3 h5 33. Qa7+ Kf6
34. Qxc5 Bd7 35. Qd6+ Kf7 36. Bg2 h4 37. Bd5+ Kg7 38. Re7+ Kh6 39. Qf4+ g5 40.
Qd6+ Kh5 41. Bf3+ g4 42. Rh7+ Kg5 43. Qh6# 1-0

[Event "Elit(Vasteras-SK Rockaden, Sthlm)"]
[Site "?"]
[Date "2022.04.09"]
[Round "2"]
[White "Vaarala, Eric"]
[Black "Barkhagen, Jonas"]
[Result "0-1"]
[WhiteElo "2295"]
[BlackElo "2439"]
[PlyCount "148"]
[EventDate "2022.??.??"]

1. d4 d5 2. c4 c6 3. cxd5 cxd5 4. Nc3 Nc6 5. Nf3 Nf6 6. e3 Bg4 7. Be2 e6 8. Ne5
Nxe5 9. dxe5 Bxe2 10. Qxe2 Nd7 11. f4 Bb4 12. Bd2 O-O 13. O-O Bxc3 14. Bxc3 Nc5
15. Bd4 Ne4 16. Rfc1 Qd7 17. Rc2 Rfc8 18. Rac1 h6 19. a4 Qd8 20. g3 Rxc2 21.
Qxc2 Qa5 22. Kg2 b5 23. axb5 Qxb5 24. Kg1 a5 25. Qc6 Rb8 26. Qxb5 Rxb5 27. Rc7
h5 28. Kg2 g5 29. Rc8+ Kh7 30. fxg5 Nxg5 31. Ra8 Kg6 32. Rg8+ Kh6 33. Ra8 Ne4
34. Kf3 Nd2+ 35. Kf4 Nc4 36. e4 dxe4 37. h4 Nxb2 38. Bxb2 Rxb2 39. Rxa5 Rb3 40.
Ra8 Kg7 41. g4 Rf3+ 42. Kxe4 hxg4 43. Ra1 Rh3 44. Kf4 Rxh4 45. Kg5 Rh2 46. Kxg4
Rf2 47. Re1 Rf5 48. Re2 Kf8 49. Re1 Ke7 50. Re2 Kd7 51. Rd2+ Kc7 52. Rc2+ Kb6
53. Rc1 Rxe5 54. Kf4 Rc5 55. Rd1 Kc6 56. Ke4 Rd5 57. Ra1 f5+ 58. Kf4 Rd4+ 59.
Ke3 Re4+ 60. Kf3 Kd6 61. Ra6+ Ke5 62. Ra5+ Kf6 63. Ra1 e5 64. Ra8 Rb4 65. Rf8+
Kg6 66. Rg8+ Kf7 67. Ra8 Rb3+ 68. Kf2 Kf6 69. Rg8 e4 70. Ke2 Ke5 71. Ra8 Rb2+
72. Ke1 e3 73. Re8+ Kf4 74. Rf8 Ke4 0-1

[Event "Elit(StockholmsSS-Team Pelaro Alingsas)"]
[Site "?"]
[Date "2022.04.09"]
[Round "2"]
[White "Olund, Joar"]
[Black "Bergre, Joachim"]
[Result "1-0"]
[WhiteElo "2349"]
[BlackElo "1944"]
[PlyCount "115"]

1. d4 Nf6 2. Bg5 Ne4 3. Bf4 d5 4. Nd2 Nf6 5. e3 g6 6. Ngf3 Bg7 7. c4 O-O 8. Bd3
Nbd7 9. c5 c6 10. b4 Nh5 11. O-O f6 12. Bg3 Nxg3 13. hxg3 e5 14. e4 dxe4 15.
Nxe4 exd4 16. Nxd4 Ne5 17. Nd6 Qc7 18. f4 Nxd3 19. Qxd3 a5 20. a3 b6 21. Rae1
bxc5 22. bxc5 f5 23. Qc4+ Kh8 24. Ne6 Bxe6 25. Rxe6 Qa7 26. Rfe1 Qa6 27. Qa2
Qd3 28. Kh2 a4 29. R6e3 Qd5 30. Qxd5 cxd5 31. c6 Ra6 32. Rc1 Bb2 33. Rc2 d4 34.
Re5 Bxa3 35. Nb5 d3 36. Rd2 Bb4 37. Rxd3 Rxc6 38. Rd4 Bc3 39. Nxc3 Rxc3 40. Re7
Rfc8 41. Rdd7 R3c6 42. Rxh7+ Kg8 43. Rdg7+ Kf8 44. Ra7 Kg8 45. Rhb7 Rc4 46.
Rg7+ Kh8 47. Rxg6 R8c7 48. Rxc7 Rxc7 49. Ra6 Rh7+ 50. Kg1 Rb7 51. Rxa4 Kg7 52.
Ra6 Rb1+ 53. Kh2 Rb2 54. Kh3 Rc2 55. Ra3 Kf6 56. Ra8 Rb2 57. Rf8+ Kg6 58. g4
1-0

[Event "Elit(Vasteras-SK Rockaden, Sthlm)"]
[Site "?"]
[Date "2022.04.09"]
[Round "2"]
[White "Zadruzny, Nicolaj"]
[Black "Bergstrom, Peter"]
[Result "1/2-1/2"]
[WhiteElo "2359"]
[BlackElo "2297"]
[PlyCount "55"]
[EventDate "2022.??.??"]

1. e4 c6 2. Nf3 d5 3. Nc3 Bg4 4. h3 Bxf3 5. Qxf3 e6 6. d3 Nd7 7. Bd2 Ngf6 8. g3
Bb4 9. a3 Ba5 10. Bg2 O-O 11. O-O d4 12. Nb1 e5 13. Qe2 Ne8 14. f4 f6 15. h4
Bxd2 16. Nxd2 exf4 17. Rxf4 Ne5 18. Bh3 Qe7 19. Nf3 Nxf3+ 20. Qxf3 Nd6 21. Qh5
Nf7 22. Bf5 Nh6 23. Raf1 Rae8 24. Kg2 b6 25. Bh3 Nf7 26. Bf5 Nh6 27. Bh3 Nf7
28. Bf5 1/2-1/2

[Event "Elit(StockholmsSS-Team Pelaro Alingsas)"]
[Site "?"]
[Date "2022.04.09"]
[Round "2"]
[White "Johansson, Eva"]
[Black "Lokander, Martin"]
[Result "0-1"]
[WhiteElo "1834"]
[BlackElo "2473"]
[PlyCount "52"]

1. d4 Nf6 2. c4 c5 3. d5 b5 4. Qc2 b4 5. e4 d6 6. f4 g6 7. Nf3 Bg7 8. Be2 O-O
9. O-O a5 10. Nbd2 e6 11. a3 Re8 12. Re1 Qb6 13. Nf1 exd5 14. exd5 bxa3 15.
Rxa3 Na6 16. Ng3 Nb4 17. Qd1 Bd7 18. Re3 Rxe3 19. Bxe3 Ng4 20. Bc1 Na2 21. h3
Nh6 22. Ne4 Nf5 23. g4 Nd4 24. Nh4 Re8 25. Bd3 Qd8 26. Nf3 Nxc1 0-1

[Event "Elit(Team Pelaro Alingsas-Wasa)"]
[Site "?"]
[Date "2022.04.08"]
[Round "1"]
[White "Meshkovs, Nikita"]
[Black "Agrest, Inna"]
[Result "1-0"]
[WhiteElo "2561"]
[BlackElo "2238"]
[PlyCount "53"]
[SourceDate "2022.04.23"]

1. d4 Nf6 2. Nf3 g6 3. g3 Bg7 4. Bg2 O-O 5. O-O d6 6. Re1 Na6 7. b3 c5 8. Bb2
Rb8 9. Nc3 b6 10. e4 Bb7 11. Qe2 Nc7 12. Rad1 Ba6 13. Qd2 Ng4 14. Qc1 Ne6 15.
dxc5 bxc5 16. Nd5 Re8 17. Bxg7 Nxg7 18. Qf4 Bc8 19. e5 Bf5 20. exd6 exd6 21.
Rxe8+ Nxe8 22. Re1 Kg7 23. Re7 Nef6 24. Ng5 Nxd5 25. Rxf7+ Kg8 26. Bxd5 Rb4 27.
Rd7+ 1-0

[Event "Elit(Team Pelaro Alingsas-Wasa)"]
[Site "?"]
[Date "2022.04.08"]
[Round "1"]
[White "Karle, Max"]
[Black "Suarez Garcia, Carlos"]
[Result "0-1"]
[WhiteElo "2062"]
[BlackElo "2451"]
[PlyCount "60"]

1. d4 d6 2. Nf3 g6 3. c4 Bg7 4. Nc3 c5 5. e4 Nc6 6. d5 Nd4 7. h3 a6 8. Rb1 Bd7
9. Bd3 Rb8 10. Bd2 b5 11. a3 Qc8 12. O-O Bxh3 13. Nh2 Bd7 14. Ne2 Nf6 15. Bc3
bxc4 16. Bc2 Nxc2 17. Qxc2 O-O 18. Rfd1 Qb7 19. Nf4 g5 20. Nh3 Bxh3 21. gxh3
Nh5 22. Bxg7 Kxg7 23. Qxc4 Qb3 24. Qxa6 Nf4 25. Qf1 Qc2 26. Nf3 Qxe4 27. Ne1
Ne2+ 28. Kh2 Nc3 29. bxc3 Rxb1 30. Rxb1 Qxb1 0-1

[Event "Elit(Team Pelaro Alingsas-Wasa)"]
[Site "?"]
[Date "2022.04.08"]
[Round "1"]
[White "Wedberg, Tom"]
[Black "Dahlgren, Jonas"]
[Result "1-0"]
[WhiteElo "2406"]
[BlackElo "2004"]
[PlyCount "43"]

1. e4 d5 2. exd5 Qxd5 3. Nc3 Qd6 4. d4 Nf6 5. Bc4 c6 6. Nge2 Bf5 7. Bf4 Qb4 8.
Bb3 e6 9. O-O Nbd7 10. Re1 Be7 11. a3 Qb6 12. Qd2 O-O 13. Ng3 Bg6 14. Rad1 Rfe8
15. Re3 Nd5 16. Nxd5 cxd5 17. Ba4 Red8 18. Rb3 Qa6 19. Bb5 Qb6 20. Bxd7 Qa6 21.
Bb5 Qb6 22. Bd3 1-0

[Event "Elit(Team Pelaro Alingsas-Wasa)"]
[Site "?"]
[Date "2022.04.08"]
[Round "1"]
[White "Bergre, Joachim"]
[Black "Engqvist, Thomas"]
[Result "0-1"]
[WhiteElo "1944"]
[BlackElo "2322"]
[PlyCount "64"]

1. Nf3 Nf6 2. c4 c6 3. g3 d5 4. cxd5 cxd5 5. Bg2 Nc6 6. O-O e5 7. d3 Be7 8. Nc3
O-O 9. Bd2 d4 10. Na4 Be6 11. b3 Bd5 12. Rc1 Ba3 13. Rb1 b5 14. Nb2 Rc8 15. e4
Nxe4 16. dxe4 Bxe4 17. Ng5 Bxb1 18. Qxb1 g6 19. h4 Nb4 20. Nd3 Qe7 21. Nxb4
Bxb4 22. Bxb4 Qxb4 23. h5 Qe7 24. Nf3 Qd6 25. Qd3 a6 26. hxg6 hxg6 27. Re1 Rfe8
28. Qd2 Kg7 29. g4 d3 30. Rd1 e4 31. Qb2+ f6 32. Ng5 Rc2 0-1

[Event "Elit(Team Pelaro Alingsas-Wasa)"]
[Site "?"]
[Date "2022.04.08"]
[Round "1"]
[White "Bellon Lopez, Juan Manuel"]
[Black "Nowen, Linus"]
[Result "1-0"]
[WhiteElo "2322"]
[BlackElo "1599"]
[PlyCount "71"]
[EventDate "2022.??.??"]

1. d4 Nf6 2. Nf3 d6 3. g3 Nbd7 4. Bg2 e5 5. O-O Be7 6. b3 c6 7. dxe5 dxe5 8.
Bb2 Qc7 9. Nbd2 O-O 10. Nc4 e4 11. Ng5 b5 12. Ne3 Nc5 13. c4 h6 14. Nh3 b4 15.
a3 Rb8 16. axb4 Rxb4 17. Ba3 Rb8 18. b4 Rd8 19. Qc2 Ne6 20. Nf5 Bxb4 21. Bxb4
Rxb4 22. Qc3 c5 23. Nxh6+ Kf8 24. Nf5 Nd4 25. Nxd4 Rxd4 26. Rfc1 Be6 27. Nf4
Bxc4 28. e3 Rd7 29. Bh3 Nd5 30. Nxd5 Rxd5 31. Bf1 Bxf1 32. Qxb4 Qe5 33. Rxc5
Rxc5 34. Rc1 Bd3 35. Rxc5 Qa1+ 36. Rc1+ 1-0

[Event "Elit(Team Pelaro Alingsas-Wasa)"]
[Site "?"]
[Date "2022.04.08"]
[Round "1"]
[White "Johansson, Eva"]
[Black "Cramling, Dan"]
[Result "0-1"]
[WhiteElo "1834"]
[BlackElo "2290"]
[PlyCount "59"]

1. d4 Nf6 2. c4 c5 3. d5 b5 4. Qc2 b4 5. Nf3 g6 6. e4 d6 7. h3 Bg7 8. Bd3 O-O
9. O-O a5 10. Nbd2 a4 11. Rb1 Nh5 12. Re1 Nf4 13. Bf1 e5 14. Kh1 f5 15. exf5
gxf5 16. g3 Ng6 17. Ng1 Nd7 18. Ne2 e4 19. Bg2 Nde5 20. Rf1 h5 21. f4 h4 22.
fxe5 Bxe5 23. Kg1 hxg3 24. Qd1 Ra7 25. Nxe4 fxe4 26. Bxe4 Bxh3 27. Rxf8+ Qxf8
28. Be3 Nh4 29. Qd3 Rf7 30. Qd1 0-1

[Event "Elit(Kungstornet-Stockholms SS)"]
[Site "?"]
[Date "2022.03.20"]
[Round "5"]
[White "Hauge, Lars Oskar"]
[Black "Cicak, Slavko"]
[Result "1-0"]
[WhiteElo "2513"]
[BlackElo "2488"]
[PlyCount "49"]

1. f4 d5 2. Nf3 Nc6 3. e3 Bg4 4. d4 e6 5. Be2 Nf6 6. O-O Bd6 7. c4 dxc4 8. Nc3
O-O 9. h3 Bh5 10. g4 Bg6 11. Ne5 Ne4 12. Nxg6 Nxc3 13. bxc3 hxg6 14. e4 Na5 15.
e5 Be7 16. f5 gxf5 17. gxf5 exf5 18. Rxf5 c6 19. Bf3 Re8 20. Be4 Bf8 21. Bg5
Qd7 22. Bf6 g6 23. Qh5 Bg7 24. Qh4 Re6 25. Raf1 1-0

[Event "Elit(Wasa-Vaxjo)"]
[Site "?"]
[Date "2022.03.20"]
[Round "5"]
[White "Fransson, Patrick"]
[Black "Meshkovs, Nikita"]
[Result "0-1"]
[WhiteElo "2150"]
[BlackElo "2561"]
[PlyCount "128"]

1. d4 d5 2. Bg5 Nf6 3. Bxf6 gxf6 4. e3 c5 5. c3 e6 6. Bd3 Qb6 7. Qc2 Nc6 8.
dxc5 Bxc5 9. Nf3 Bd7 10. O-O Rc8 11. a3 Be7 12. Nbd2 Ne5 13. Be2 O-O 14. Qb3
Qxb3 15. Nxb3 Nc4 16. Bxc4 Rxc4 17. Nbd2 Ra4 18. Rfe1 Rd8 19. Rad1 Ra6 20. Nf1
Rb6 21. Rd2 Kf8 22. e4 dxe4 23. Rxe4 Bc6 24. Red4 Rc8 25. Rh4 Bxf3 26. gxf3 f5
27. Rhd4 Bg5 28. Re2 Bc1 29. Rb4 Rxb4 30. axb4 Rd8 31. Ne3 Kg7 32. Kf1 Kg6 33.
Rc2 Bxe3 34. fxe3 Rd1+ 35. Kf2 h5 36. c4 Rd3 37. b5 Rb3 38. f4 f6 39. Rd2 Rb4
40. Rc2 e5 41. Kf3 h4 42. Ke2 e4 43. Kd2 Rb3 44. Kc1 Kf7 45. Rd2 Ke7 46. Kc2
Rxe3 47. c5 Re1 48. c6 bxc6 49. bxc6 Rg1 50. Rd7+ Ke6 51. Rxa7 Kd6 52. c7 Kd7
53. Ra6 Rg2+ 54. Kc3 Kxc7 55. Rxf6 Rxh2 56. Rxf5 h3 57. Rh5 Rh1 58. Kd4 h2 59.
Kxe4 Re1+ 60. Kf5 h1=Q 61. Rxh1 Rxh1 62. Kf6 Kd7 63. f5 Ke8 64. Kg7 Rg1+ 0-1

[Event "Elit(Limhamn-Team Pelaro Alingsas)"]
[Site "?"]
[Date "2022.03.20"]
[Round "5"]
[White "Sorensen, Hampus"]
[Black "Jepson, Christian"]
[Result "1/2-1/2"]
[WhiteElo "2379"]
[BlackElo "2402"]
[PlyCount "42"]
[SourceDate "2022.03.25"]

1. d4 d6 2. e4 Nf6 3. Nd2 g6 4. Ngf3 Bg7 5. Bb5+ c6 6. Bd3 O-O 7. O-O c5 8.
dxc5 dxc5 9. Qe2 Qc7 10. Rd1 Nc6 11. c3 Nh5 12. Qe3 Ne5 13. Nxe5 Bxe5 14. g3
Bg7 15. Bf1 Nf6 16. h3 Be6 17. Nf3 Rad8 18. Re1 h6 19. Qf4 Qxf4 20. Bxf4 g5 21.
Bc1 Rc8 1/2-1/2

[Event "Elit(Kungstornet-Stockholms SS)"]
[Site "?"]
[Date "2022.03.20"]
[Round "5"]
[White "Lyrberg, Patrik"]
[Black "Lokander, Martin"]
[Result "1/2-1/2"]
[WhiteElo "2462"]
[BlackElo "2473"]
[PlyCount "71"]

1. d4 d5 2. c4 c6 3. Nf3 Nf6 4. e3 Bf5 5. Nc3 e6 6. Qb3 Qb6 7. Qxb6 axb6 8. Nh4
Bg6 9. Nxg6 hxg6 10. Bd3 Nbd7 11. O-O Bd6 12. g3 dxc4 13. Bxc4 b5 14. Bb3 e5
15. f3 O-O 16. Bd2 exd4 17. exd4 Bb4 18. Ne4 Bxd2 19. Nxd2 Rad8 20. Ne4 Nxe4
21. fxe4 Nf6 22. e5 Nd5 23. a4 Nc7 24. axb5 Nxb5 25. e6 fxe6 26. Bxe6+ Kh7 27.
Rxf8 Rxf8 28. Ra4 g5 29. Bc4 Nd6 30. Bd3+ g6 31. Ra5 Kh6 32. d5 Rf3 33. Bf1 Rb3
34. dxc6 bxc6 35. Ra6 Rxb2 36. Rxc6 1/2-1/2

[Event "Elit(Wasa-Vaxjo)"]
[Site "?"]
[Date "2022.03.20"]
[Round "5"]
[White "Amin, Bassem"]
[Black "Lindberg, Bengt"]
[Result "1-0"]
[WhiteElo "2681"]
[BlackElo "2366"]
[PlyCount "79"]

1. e4 c5 2. Nf3 e6 3. g3 d6 4. Bg2 Nf6 5. d3 Be7 6. O-O O-O 7. Re1 Nc6 8. c3
Bd7 9. Nbd2 b5 10. d4 cxd4 11. cxd4 e5 12. Nb3 Qb8 13. Bg5 Rd8 14. Qd2 h6 15.
Bxf6 Bxf6 16. d5 Ne7 17. h4 b4 18. a3 bxa3 19. Rxa3 Rc8 20. Rea1 Rc4 21. Ne1
Nc8 22. Na5 Rd4 23. Qc3 Nb6 24. b3 Qe8 25. Qe3 Rb4 26. Bf1 Rc8 27. Bd3 Nxd5 28.
exd5 e4 29. Bc4 Bxa1 30. Rxa1 Rb6 31. Nc2 Kh7 32. Nd4 Qe5 33. Rd1 g6 34. Nac6
Qh5 35. Ra1 a6 36. Qf4 Kg7 37. Qxd6 Bxc6 38. dxc6 Qg4 39. Ne6+ Kg8 40. Qc5 1-0

[Event "Elit(Limhamn-Team Pelaro Alingsas)"]
[Site "?"]
[Date "2022.03.20"]
[Round "5"]
[White "Haubro, Martin"]
[Black "Agrest, Inna"]
[Result "1-0"]
[WhiteElo "2396"]
[BlackElo "2238"]
[PlyCount "69"]

1. e4 e5 2. Nf3 Nc6 3. Bb5 a6 4. Ba4 Nf6 5. O-O b5 6. Bb3 Bc5 7. a4 Rb8 8. c3
d6 9. d4 Bb6 10. a5 Ba7 11. h3 O-O 12. Be3 exd4 13. cxd4 Nb4 14. Nc3 Bb7 15.
Qb1 Qd7 16. e5 Nfd5 17. Ng5 g6 18. Nge4 Kg7 19. Bxd5 Bxd5 20. Nf6 Qe6 21. Qc1
Rfd8 22. Bh6+ Kh8 23. Nfxd5 Nxd5 24. Nxd5 Qxd5 25. Bg5 h5 26. Bxd8 Rxd8 27.
Qxc7 Ra8 28. Qxd6 Qxd6 29. exd6 Bxd4 30. Rad1 Bxb2 31. d7 Bf6 32. Rfe1 Kg7 33.
Re8 Rd8 34. Rxd8 Bxd8 35. Re1 1-0